Statistics for Harry Potter Characters by Death

Click here to take the quiz!

General Stats

  • This quiz has been taken 104,488 times
    (102,997 since last reset)
  • The average score is 10 of 20

Answer Stats

DeathCharacter% Correct
Killed by Severus SnapeAlbus Dumbledore
95%
Died trying to protect her sonLily Potter
86%
Bellatrix, then fell through the veilSirius Black
81%
Rebounding killing curseLord Voldemort
74%
Almost completely beheadedNearly Headless Nick
73%
Knife in the chestDobby
62%
Stared directly into the eyes
of the Basilisk
Moaning Myrtle
60%
Perhaps hit by a killing curse
and/or falling from his broom
Mad Eye Moody
56%
Nagini attack in the Shrieking ShackSeverus Snape
56%
Strangled by his own, magical handWormtail
51%
Hit by a stray curse during the
flight from Privet Drive
Hedwig
49%
Old age in the forbidden forestAragog
43%
Out of control FiendFyreVincent Crabbe
40%
An explosion in the castleFred Weasley
37%
Drowned by the inferiRegulus Black
32%
Voldermort, then
eaten by Nagini at a meeting
Charity Burbage
26%
Voldemort in his father's old house
after he was spotted by Nagini
Frank Bryce
25%
Too much lettuceFlobberworms
13%
Poison in her cup -
house elf was framed
Hepzibah Smith
13%
Strangled by Devil's SnareBroderick Bode
7%

Score Distribution

Percentile by Number Answered

Percent of People with Each Score

Your Score History

You have not taken this quiz since the last reset